000 00450nam a22001817a 4500
003 MPLRDC
005 20220104144525.0
008 210129b ||||| |||| 00| 0 eng d
020 _a7-80607-968-8
082 _a861.57 DBCY-10
100 _a渡边淳一
245 _a雪舞
_c林涛、吴娜译
250 _a一版一刷
260 _a
_b珠海出版社
_c2002
300 _b
650 _a日本现代小说
942 _cBK
_o861.57 DBCY-10
999 _c50459
_d50449